Modificación de conducta en la educación especial: diagnóstico y programas
Tallennettuna:
| Päätekijä: | |
|---|---|
| Aineistotyyppi: | Kirja |
| Kieli: | espanja |
| Julkaistu: |
Ciudad de México
Trillas
1981
|
| Aiheet: | |
| Tagit: |
Lisää tagi
Ei tageja, Lisää ensimmäinen tagi!
|
MARC
| LEADER | 00000nam a2200000 a 4500 | ||
|---|---|---|---|
| 001 | UCW3489 | ||
| 003 | CL-VaPUC | ||
| 008 | 881006e19810000MX |||||||||||||||||spa|d | ||
| 082 | 0 | 4 | |a 371.9 |b GAL |2 21 |
| 100 | |a Galindo Cota, Edgar Aníbal |e author |9 309746 | ||
| 245 | 1 | 0 | |a Modificación de conducta en la educación especial: diagnóstico y programas |
| 300 | |a 322 p | ||
| 942 | |c BK | ||
| 945 | |d 19881006 00:00:00 | ||
| 260 | |a Ciudad de México |b Trillas |c 1981 | ||
| 650 | 0 | |a Educación especial |9 307486 | |
| 650 | 7 | |a CONDUCTA PSICOLOGIA |2 CL-VaPUC |9 307702 | |
| 650 | 7 | |a RETRASADOS MENTALES |2 CL-VaPUC |9 307703 | |
| 583 | |a last modification |c 19881006 00:00:00 |k Rodrigo Vera | ||
| 999 | |c 217468 |d 217466 | ||
| 952 | |0 0 |1 0 |4 0 |6 371_900000000000000_GAL_1981 |7 0 |8 P |9 205119 |a BIBEDU |b BIBEDU |c BIBEDU_PB |d 2019-11-15 |i 2730634 |o 371.9 GAL 1981 |p 2730634 |r 2024-01-25 |w 2019-11-15 |y BK |k EDU | ||